[Event "GER-ch Amateurs"]
[Site "Bad Wildungen"]
[Date "2024.??.??"]
[Round "3"]
[White "Ihlenfeld, Felix"]
[Black "Klar, Ennio"]
[Result "0-1"]
[WhiteElo "1673"]
[BlackElo "1781"]
[PlyCount "66"]
[EventDate "2024.08.03"]
[EventType "swiss"]
[EventRounds "5"]
[EventCountry "GER"]
[SourceTitle "CBM 221 Extra"]
[Source "ChessBase"]
[SourceDate "2024.09.30"]
[SourceVersion "1"]
[SourceVersionDate "2024.09.30"]
[SourceQuality "1"]

1. f4 d5 2. e3 Nc6 3. Nf3 e6 4. b3 b6 5. Bb2 Bb7 6. Bb5 a6 7. Bxc6+ Bxc6 8. 0-0 Nf6 9. Nc3 Be7 10. Qe1 g6 11. Ne5 Bb7 12. Ne2 Rf8 13. Nd4 c5 14. Ndc6 Bxc6 15. Nxc6 Qc7 16. Nxe7 Qxe7 17. d3 Nd7 18. Qg3 0-0-0 19. Rf2 f5 20. Qf3 Nf6 21. h3 Qd7 22. a4 a5 23. g4 h6 24. Be5 fxg4 25. hxg4 g5 26. Qh1 Nxg4 27. Rg2 Nxe3 28. Re2 gxf4 29. c4 Rg8+ 30. Kf2 Ng4+ 31. Kf3 Nxe5+ 32. Rxe5 dxc4 33. Kxf4 Rdf8+ 0-1